| 000 | 00503nam a2200157Ia 4500 | ||
|---|---|---|---|
| 008 | 220216s9999 xx 000 0 und d | ||
| 100 | _aSamoylov V M | ||
| 245 | 0 | _aDonor chromosome elimination and organelle composition of asymmetric somatic hybrid plants between an interspecific tomato hybrid and eggplant | |
| 260 |
_bTheoretical and Applied Genetics _c1996 |
||
| 300 | _a268-274 | ||
| 650 | _aDot-blot hybridization | ||
| 650 | _aRFLP | ||
| 700 | _aIzhar S | ||
| 700 | _aSink K C | ||
| 942 | _cJS | ||
| 999 |
_c57354 _d57354 |
||